[Event "Olympiad-31"]
[Site "Moscow"]
[Date "1994.12.04"]
[Round "4.4"]
[White "Barakat, Rafic"]
[Black "Kabli, Med Amine"]
[Result "0-1"]
[WhiteElo "2205"]
[BlackElo "2220"]
[PlyCount "36"]
[EventDate "1994.12.01"]
[EventType "team-swiss"]
[EventRounds "14"]
[EventCountry "RUS"]
[SourceTitle "CBM 045"]
[Source "ChessBase"]
[SourceDate "1995.04.01"]
[SourceVersion "1"]
[SourceVersionDate "1995.04.01"]
[SourceQuality "1"]
[WhiteTeam "Lebanon"]
[BlackTeam "Algeria"]
[WhiteTeamCountry "LBN"]
[BlackTeamCountry "ALG"]

1. e4 c5 2. Nf3 Nc6 3. d4 cxd4 4. Nxd4 g6 5. Be3 Nf6 6. Nc3 Bg7 7. Bc4 0-0 8. f3 Qb6 9. 0-0 Qxb2 10. Qd2 Qb4 11. Nxc6 dxc6 12. e5 Qxc4 13. exf6 Bxf6 14. Ne4 Bxa1 15. Rxa1 Bf5 16. Ng3 Rfd8 17. Qa5 Rd5 18. Qc7 Qc3 0-1